Elements With Symbols Not Derived From English - Statistics

General Stats
  • This quiz has been taken 36 times
  • The average score is 10 of 11
Answer Stats
Symbol Element % Correct
Cu Copper
100%
Au Gold
100%
Fe Iron
100%
Ag Silver
97%
Pb Lead
91%
K Potassium
91%
Na Sodium
91%
W Tungsten
91%
Hg Mercury
84%
Sn Tin
81%
Sb Antimony
63%
No matching quizzes found
Score Distribution
Percent of People with Each Score
Percentile by Number Answered
Your Score History
You have not taken this quiz